| 000 | 00882nam a22002777a 4500 | ||
|---|---|---|---|
| 001 | BR6003906 | ||
| 003 | BR-BrBNA | ||
| 005 | 20230928083158.0 | ||
| 007 | ta | ||
| 008 | 230509b bl.||||| |||| 00| 0 por d | ||
| 040 |
_aBR-BrBNA _bpor _cBiblioteca Nacional de Agricultura |
||
| 041 | _a(Por) | ||
| 072 |
_aF00; A50 _b/G514 |
||
| 090 | _ F00 BR6003906 | ||
| 110 | 1 |
_aInstituto Agronomico do Sul, Pelotas, RS (Brasil) _95634 |
|
| 111 | 1 |
_a13. Reuniao Anual de Agronomia _cPelotas, RS (Brazil) _dAug 1962 |
|
| 245 | 1 | _a13. Reuniao Anual de Agronomia [Projeto de pesquisa; Melhoramento vegetal; Pratica cultural; Brasil] | |
| 260 | 3 |
_aPelotas, RS (Brasil): _c1962. |
|
| 300 | _a169 p. | ||
| 650 | _aProducao vegetal | ||
| 650 | _aProjeto de pesquisa | ||
| 650 | _aMelhoramento vegetal | ||
| 650 | _aPratica cultural | ||
| 909 |
_a202309 _bLucia _c55 _dLucia Elande |
||
| 942 | _cBK | ||
| 999 |
_c11998 _d11998 |
||